000 01334nam0a22002771 4500
001 rc\3487429
005 20260408021459.0
021 _aRU
_b72-75023
021 _aRU
_bРг3004-73
035 _a(NLR Aleph) 007605186
090 _a5757344
_c5757344
100 _a20130115d1972 |||y0rusy50 ca
101 0 _arus
102 _aRU
105 _ay z |||||
200 1 _aТезисы доклада Центрального правления VI съезду НТОЭ и ЭП. 18-19 октября 1972 г.
_fНауч.-техн. о-во энергетики и электротехн. пром-сти. Центр. правл.
210 _aЛенинград
_cЭнергия
_d1972
215 _a19 с.
_d20
532 1 1 _aТезисы доклада Центрального правления шестому съезду НТОЭ и ЭП. 18-19 октября 1972 г.
710 1 2 _aНаучно-техническое общество энергетической промышленности (Ленинград). Центральное правление
712 0 2 _aНТО энергетической промышленности
_bСъезд
_cЛенинград
_d6
_f1972
_9859434
_3RU\NLR\AUTH\8810181404
801 0 _aRU
_bNLR
_gpsbo
801 1 _aRU
_bELAR
_2rusmarc
852 _aNLR
_j72-4/39012
942 _cBOOK
980 _aNB